Odd But True Facts II Quiz Stats

Quiz Updated Jul 1, 2015

Challenge
Share
Tweet
Embed
Score 0/23 Timer 07:00
15 Plays Today
% Correct
The richest person in the world
97.1%
Friday the 13th
94.9%
Hot dogs
93%
Every day
92.5%
Toxic to dogs
92%
The taller candidate
91.4%
Log cabins
90.8%
The President of Zimbabwe
90.7%
Flowerpot
89.6%
Doesn't exist
89.2%
Wallpaper factory
89.1%
John Wayne
88.4%
% Correct
Stonehenge
85.8%
Lawnmowers
83.3%
Japanese prisoner of war
80.9%
iPad
79.3%
The movie 'Gravity'
76%
Cheese
75.6%
Trumpets
71.2%
Bubonic plague
68.1%
Building the Great Pyramid
67.2%
Octopuses
64.1%
Syphilis
62.6%

You're not logged in!

Compare scores with friends on all Sporcle quizzes.
Sign Up with Email
OR
Log In

You Might Also Like...

Show Comments

Extras

Top Quizzes Today


Score Distribution

Your Account Isn't Verified!

In order to create a playlist on Sporcle, you need to verify the email address you used during registration. Go to your Sporcle Settings to finish the process.